000 00309nam a22001337a 4500
008 170321b xxu||||| |||| 00| 0 eng d
020 _a9780781723275
041 _aeng
080 _23 ED
_a616.12 -008-073
100 _a7
101 _aSHM
245 _a12 LEAD ECG INTERPRETATION
_cDAVIS.D
942 _2udc
_cBK
999 _c8195
_d8195